| 000 | 02022cam a22004574i 4500 | ||
|---|---|---|---|
| 003 | PE-LiUPU | ||
| 005 | 20250731173203.0 | ||
| 008 | 150625s1992 sp r 000 0 spa d | ||
| 035 | _a(Sirsi) a30569 | ||
| 040 |
_aPE-LiUPU _bspa _cPE-LiUPU _erda |
||
| 082 | 0 | 4 |
_a220.008 _bBV 1 _221 |
| 100 | 1 |
_aSalas, Antonio, _eautor. |
|
| 245 | 1 | 3 |
_aLa Biblia Hoy / _cAntonio Salas. |
| 264 | 1 |
_aMadrid : _bEdiciones Paulinas, _c1992. |
|
| 300 |
_a159 páginas ; _c21 centímetros. |
||
| 336 |
_atext _2rdacontent |
||
| 337 |
_aunmediated _2rdamedia |
||
| 338 |
_avolume _2rdacarrier |
||
| 490 | 1 |
_aBiblia y Vida ; _v1 |
|
| 505 | 0 | _aLa biblia ¿Que es? -- El mundo de la biblia -- La biblia quien la escribio -- La biblia: Palabra de Dios -- La biblia tiene siempre razon. -La Biblia leerla, estudiarla, vivirla -- El antiguo testamento: aplicaciones para el creyente de hoy -- El nuevo testamento aplicaciones para el creyente de hoy. | |
| 526 | _aSEG42 | ||
| 526 | _aSEG41 | ||
| 526 | _aSEG40 | ||
| 526 | _aSEG39 | ||
| 526 | _aP94 | ||
| 526 | _aP87 | ||
| 526 | _aP86 | ||
| 526 | _aP85 | ||
| 526 | _aP77 | ||
| 526 | _aP76 | ||
| 526 | _aP35 | ||
| 630 |
_aBiblia _xIntroducciones. _92045 |
||
| 942 |
_2ddc _cBOOK |
||
| 949 |
_a220.008 BV 1 _wDEWEY _c1 _i36758 _lCCODEBUL1 _mBUL _p30.00 _r0 _sY _tBOOK _u2015-06-25 _xBIBLIOTECA _zUNKNOWN _0COMPRA _o.STAFF. Colección Teología |
||
| 949 |
_a220.008 BV 1 _wDEWEY _c2 _i36495 _lCCODEBUL1 _mBUL _p30.00 _r0 _sY _tBOOK _u2015-06-25 _xBIBLIOTECA _zUNKNOWN _0COMPRA _o.STAFF. Colección Teología |
||
| 596 | _a1 | ||
| 999 |
_a220.008 BV 1 _wDEWEY _c38027 _i36758 _f2021-11-9 _g5 _lCCODEBUL1 _mBUL _p30.00 _r0 _sY _tBOOK _u2015-6-25 _xTEOLOGIA _PP35 _0COMPRA _o.STAFF. Colección Teología _d38027 |
||
| 999 |
_a220.008 BV 1 _wDEWEY _c2 _i36495 _d2017-5-22 _e2017-5-19 _f2021-11-9 _g5 _lCCODEBUL1 _mBUL _n1 _p30.00 _r0 _sY _tBOOK _u2015-6-25 _xTEOLOGIA _PP35 _0COMPRA _o.STAFF. Colección Teología |
||
| 980 |
_81 _gALBERTO SANCHEZ Responsable de Automatización |
||